00000000nam##2200000za#4500
0019.614647
003CaOODSP
00520200327133948
007ta
008150406|1998||||xxc|||||     f|0| 0 eng|d
022 |a0706-6457
040 |aCaOODSP|beng
043 |an-cn---
0861 |aFs97-6/2237E
1101 |aCanada. |bDepartment of Fisheries and Oceans.
24510|aLocal adaptation and sexual dimorphism in the Waved Whelk (buccinum undatum) in Atlantic Nova Scotia with applications to fisheries management / |cby E. Kenchington and A. Glass.
260 |aOttawa - Ontario : |bFisheries and Oceans Canada |c1998.
300 |aiv, 43p. : |bgraphs, references, tables ; |c28 cm.
4901 |aCanadian technical report of fisheries and aquatic sciences|x0706-6457|v2237
500 |aPrepared at the Invertebrate Fisheries Division, Science Branch, Maritimes Region, Department of Fisheries and Oceans, Bedford Institute of Oceanography, P.O. Box 1006, Dartmouth, Nova Scotia B2Y 4A2.
546 |aRésumé en français
563 |aSoftcover
590 |a98-47|b1998-11-20
7201 |aKenchington, E.
7201 |aGlass, A.
7760#|tLocal adaptation and sexual dimorphism in the waved whelk (Buccinum undatum) in Atlantic Nova Scotia with applications to fisheries management / |w(CaOODSP)9.574003
830#0|aCanadian technical report of fisheries and aquatic sciences,|x0706-6457|v2237|w(CaOODSP)9.514691